THE LAW OF DEMOCRACY: LEGAL STRUCTURE OF THE POLITICAL PROCESS (Record no. 216625)

MARC details
000 -LEADER
fixed length control field 00543nam a22001817a 4500
008 - FIXED-LENGTH DATA ELEMENTS--GENERAL INFORMATION
fixed length control field 260225b |||||||| |||| 00| 0 eng d
020 ## - INTERNATIONAL STANDARD BOOK NUMBER
International Standard Book Number 978-1-5994-1935-0
100 ## - MAIN ENTRY--PERSONAL NAME
Personal name ISSACHAROFF SAMUEL
245 ## - TITLE STATEMENT
Title THE LAW OF DEMOCRACY: LEGAL STRUCTURE OF THE POLITICAL PROCESS
250 ## - EDITION STATEMENT
Edition statement 4TH EDITION
260 ## - PUBLICATION, DISTRIBUTION, ETC.
Place of publication, distribution, etc. NEW YORK
Name of publisher, distributor, etc. THOMSON REUTERS
Date of publication, distribution, etc. 2012
300 ## - PHYSICAL DESCRIPTION
Extent XXXIX,1390P.
500 ## - GENERAL NOTE
General note INCLUDES AN INDEX
650 ## - SUBJECT ADDED ENTRY
Topical term or geographic name entry element DEMOCRACY- UNITED STATES
700 ## - ADDED ENTRY--PERSONAL NAME
Personal name PAMELA S. KARLAN, RICHARD H. PILDES
942 ## - ADDED ENTRY ELEMENTS (KOHA)
Source of classification or shelving scheme Library of Congress Classification
Koha item type Long Loan Book
Holdings
Withdrawn status Lost status Source of classification or shelving scheme Damaged status Not for loan Collection Home library Current library Shelving location Date acquired Inventory number Total checkouts Full call number Barcode Date last seen Copy number Price effective from Koha item type
    Library of Congress Classification     Law Kisii University Library Kisii University Library On Display 02/25/2026 111944   KF 4880 .A7I87 2012 A000511 02/25/2026 C.1 02/25/2026 Long Loan Book
    Library of Congress Classification     Law Kisii University Library Kisii University Library On Display 02/25/2026 111945   KF 4880 .A7I87 2012 A000490 02/25/2026 C.2 02/25/2026 Long Loan Book
    Library of Congress Classification     Law Kisii University Library Kisii University Library On Display 02/25/2026 111946   KF 4880 .A7I87 2012 A000489 02/25/2026 C.3 02/25/2026 Long Loan Book
    Library of Congress Classification     Law Kisii University Library Kisii University Library On Display 02/25/2026 111947   KF 4880 .A7I87 2012 A000488 02/25/2026 C.4 02/25/2026 Long Loan Book
    Library of Congress Classification     Law Kisii University Library Kisii University Library On Display 02/25/2026 111948   KF 4880 .A7I87 2012 A000512 02/25/2026 C.5 02/25/2026 Long Loan Book